| 000 | 00411nam a22001697a 4500 | ||
|---|---|---|---|
| 005 | 20251108173015.0 | ||
| 008 | 250721s1984 xx 000 0 ara d | ||
| 082 | 1 | 4 | _ar/617.603/kam |
| 100 | 1 | _ael motayam، kamal | |
| 245 | 1 | 0 | _adental dictionary english - arabic / |
| 264 | 1 |
_aegypt : _c1984. |
|
| 300 | _a422p | ||
| 650 | 1 | 7 | _aDICTIONARIES |
| 650 | 1 | 7 | _aDENTISTRY |
| 942 |
_2ddc _cREF |
||
| 999 |
_c93903 _d93903 |
||